|
|
|
|
| LEADER |
00000cam a2200000 7i4500 |
| 001 |
0000004520 |
| 005 |
20151222.0 |
| 008 |
070730 |
| 020 |
|
|
|a 8128616068
|
| 090 |
0 |
0 |
|a JF
|b ENC ENG
|
| 100 |
1 |
|
|a Walker, Richard
|
| 245 |
1 |
0 |
|a Plant life
|c Richard Walker
|
| 260 |
|
|
|a India :
|b Euro Books ,
|c 2005
|
| 440 |
|
0 |
|a Disney children's encyclopedia
|
| 500 |
|
|
|a Children ages 7-9 years old (orange)
|
| 650 |
|
0 |
|a Encylopedia
|x English
|x Languages
|
| 710 |
0 |
|
|a Title
|
| 999 |
|
|
|a 0001142917
|b Book
|c REFERENCE
|e Cawangan Pontian
|
| 999 |
|
|
|a 0001142918
|b Book
|c REFERENCE
|e Perbadanan Perpustakaan Awam Johor
|
| 999 |
|
|
|a 0001142919
|b Book
|c Children Collection
|e Cawangan Tangkak
|
| 999 |
|
|
|a 0001227462
|b Book
|c Children Collection
|e Cawangan AEON Kulaijaya
|